El Dau de la sort juga amb els bibliobusos El Castellot i Montau [Objecte] : i tu, també vols jugar a descobrir llibres? i tu, també vols jugar a descobrir llibres?
Descripción Física:
1 punt de llibre ; 6 x 23 cm
MARC
| LEADER | 00000nrm a2200000 a 4500 | ||
|---|---|---|---|
| 001 | 23326 | ||
| 008 | 160829s9999 xx 000 0 cat d | ||
| 080 | |a NBM-4-17 | ||
| 245 | |a El Dau de la sort juga amb els bibliobusos El Castellot i Montau [Objecte] : |b i tu, també vols jugar a descobrir llibres? | ||
| 260 | |a Barcelona : |b Diputació de Barcelona, [2011] | ||
| 300 | |a 1 punt de llibre ; |c 6 x 23 cm | ||
| 610 | 2 | 0 | |a Bibliobús El Castellot |9 52877 |
| 610 | 2 | 0 | |9 52879 |a Bibliobús Montau |
| 655 | 0 | |a Punts de llibre |9 52700 | |
| 710 | 1 | |a Barcelona (Catalunya : Província). |b Gerència de Serveis de Biblioteques |9 52661 | |
| 901 | |a Arxiu | ||
| 942 | |n 1 |2 udc | ||
| 952 | |0 0 |1 0 |4 0 |6 NBM417 |7 1 |9 54766 |a Arxiu |b Arxiu |d 2011-11-15 |l 0 |o NBM-4-17 |p 23326 |r 2016-12-01 00:00:00 |w 2016-12-01 |y ARXIU | ||
| 999 | |c 58635 |d 58635 | ||